000 01839cam a22003975i 4500
999 _c18294
_d18266
003 EG-ScBUE
005 20200106135119.0
006 m||||fq||z 00| 0
008 140612s2013 enka f 000 0 eng d
020 _a9780230439931 (Student's book with key and website access code)
020 _a9780230439948 (+ key)
040 _aEG-ScBUE
_beng
_erda
_cEG-ScBUE
_dEG-ScBUE
082 0 4 _a428.24076
_bMCC
_222
100 1 _aMcCarter, Sam,
_eauthor.
_919942
245 1 0 _aDirect to IELTS.
_pStudent's book :
_bwith key /
_cSam McCarter.
264 1 _aLondon :
_bMacmillan Education,
_c2013.
300 _a151 pages :
_billustrations (color) ;
_c28 cm.
336 _atext
_btxt
_2rdacontent
336 _aspoken word
_bspw
_2rdacontent
337 _aunmediated
_bn
_2rdamedia
337 _aaudio
_bs
_2rdamedia
338 _avolume
_bnc
_2rdacarrier
338 _aaudio disc
_bsd
_2rdacarrier
490 0 _aMacmillan exams
500 _a"With four online practices tests"-- cover page.
501 _awith: Class audio CD.
520 _aDirect to IELTS is a concise and practical course combining print and online materials to prepare students efficiently for all formats of the IELTS exam. The accompanying website contains four computer-based practice tests and downloadable workbook-style material, accessed through a unique code found at the back of the Student's Book.
650 7 _aInternational English Language Testing System.
_2BUEsh
_913550
650 7 _aEnglish language
_vTextbooks for foreign speakers.
_2BUEsh
650 7 _aEnglish language
_vProblems, exercises, etc.
_2BUEsh
650 7 _aEnglish language
_xStudy and teaching
_xForeign speakers.
_2BUEsh
651 _2BUEsh
653 _bHHUUEENN
_cJune2014
_cJuly2019
856 4 2 _3online practice tests
_uhttps://www.macmillaneducationeverywhere.com/
942 _2ddc
_cBB